The Housing (Empty Dwelling Management Orders) (Prescribed Exceptions and Requirements) (England) Order 2006 (Record no. 105306)
[ view plain ]
| 000 -LEADER | |
|---|---|
| fixed length control field | 01476cam a2200241 4500 |
| 001 - CONTROL NUMBER | |
| control field | ##L133003 |
| 008 - FIXED-LENGTH DATA ELEMENTS--GENERAL INFORMATION | |
| fixed length control field | 060403n2006 000 0 eng u |
| 020 ## - INTERNATIONAL STANDARD BOOK NUMBER | |
| International Standard Book Number | 0110740718 |
| 035 ## - SYSTEM CONTROL NUMBER | |
| System control number | (Sirsi) u133003 |
| 041 0# - LANGUAGE CODE | |
| Language code of text/sound track or separate title | eng |
| 245 04 - TITLE STATEMENT | |
| Title | The Housing (Empty Dwelling Management Orders) (Prescribed Exceptions and Requirements) (England) Order 2006 |
| 260 ## - PUBLICATION, DISTRIBUTION, ETC. | |
| Place of publication, distribution, etc. | London |
| Name of publisher, distributor, etc. | TSO |
| Date of publication, distribution, etc. | 2006 |
| 490 #0 - SERIES STATEMENT | |
| Series statement | SI |
| Volume/sequential designation | 2006: 367 |
| 520 ## - SUMMARY, ETC. | |
| Summary, etc. | Prescibes the exceptions for the purposes of a residential property tribunal's authorisation. The authorisation of a residential property tribunal is needed by a local housing authority seeking to make an interim Empty Dwelling Management Order (EDMO) A tribunal will not authorise the making of an interim EDMO where it is satisfied that the case falls within a prescribed exception. Also prescribes the additional requirements that a local housing authority must comply with when making an application to a residential property tribunal for authorisation of an interim EDMO. |
| 650 24 - SUBJECT ADDED ENTRY--TOPICAL TERM | |
| Topical term or geographic name entry element | HOUSING (EMPTY DWELLING MANAGEMENT ORDERS) (PRESCRIBED EXCEPTIONS AND REQUIREMENTS) (ENGLAND) ORDER 2006 |
| 650 24 - SUBJECT ADDED ENTRY--TOPICAL TERM | |
| Topical term or geographic name entry element | HOUSING ACT 2004 |
| 650 24 - SUBJECT ADDED ENTRY--TOPICAL TERM | |
| Topical term or geographic name entry element | HOUSING ACT 2004 PART IV |
| 650 24 - SUBJECT ADDED ENTRY--TOPICAL TERM | |
| Topical term or geographic name entry element | HOUSING ACT 2004 S132 |
| 650 24 - SUBJECT ADDED ENTRY--TOPICAL TERM | |
| Topical term or geographic name entry element | HOUSING ACT 2004 S133 |
| 690 ## - LOCAL SUBJECT ADDED ENTRY--TOPICAL TERM (OCLC, RLIN) | |
| Topical term or geographic name as entry element | PROPERTY-RESIDENTIAL PROPERTY-RESIDENTIAL PROPERTY MANAGEMENT |
| 856 40 - ELECTRONIC LOCATION AND ACCESS | |
| Uniform Resource Identifier | <a href="https://www.opsi.gov.uk/si/si2006/20060367.htm">https://www.opsi.gov.uk/si/si2006/20060367.htm</a> |
| Public note | View the Order free of charge at www.opsi.gov.uk... |
| 942 ## - ADDED ENTRY ELEMENTS (KOHA) | |
| Suppress in OPAC | 0 |
| Withdrawn status | Lost status | Source of classification or shelving scheme | Damaged status | Not for loan | Home library | Current library | Shelving location | Date acquired | Total Checkouts | Full call number | Barcode | Date last seen | Copy number | Price effective from | Koha item type |
|---|---|---|---|---|---|---|---|---|---|---|---|---|---|---|---|
| Dewey Decimal Classification | Virtual | Virtual | Online | 03/04/2006 | ONLINE PUBLICATION | 133003-2001 | 06/08/2019 | 1 | 06/08/2019 | Book |